000
00318nam a2200133Ia 4500
005
20251222141759.0
008
251222s9999||||xx |||||||||||||| ||spa||
020
_a
950-641-240-5
082
_a
658.311.2/A42
100
_a
Alicia Alles, Martha
245
0
_a
200 Modelos de Curriculum
264
_b
Granica
942
_c
LIB
999
_c
6094
_d
6094